| 000 | 00903nam a2200265 a 4500 | ||
|---|---|---|---|
| 001 | 61006 | ||
| 003 | BD-RjUL | ||
| 005 | 20211209080918.0 | ||
| 008 | 170105s2008 bg a b 000 0 eng | ||
| 020 | _a9847015300050 | ||
| 035 | _a(BD-RjUL)61130 | ||
| 040 |
_aDLC _cDLC _dBD-RjUL _beng |
||
| 041 | _aeng | ||
| 082 |
_223 _a370.825492 _bKAW 2008 |
||
| 100 | 1 |
_aKabir, M. Khairul _9181938 |
|
| 245 | 1 | 0 |
_aWomen in mainstream development : _bthe role of mass media / _cM. Khairul Kabir, Md. Shafiqul Islam, Anwarul Azim |
| 260 |
_aComilla : _bBangladesh Academy for Rural Development, _c2008. |
||
| 300 |
_axix, 100 p. : _bill ; _c23 cm. |
||
| 504 | _aIncludes bibliography : (p. 97-100). | ||
| 650 | 0 |
_aMass media and women _zBangladesh. _9181939 |
|
| 650 | 0 |
_aWomen in development _zBangladesh. _9181940 |
|
| 700 | 1 |
_aIslam, Md. Shafiqul _9181941 |
|
| 700 | 1 |
_aAzim, Anwarul _9181942 |
|
| 942 |
_2ddc _cBK |
||
| 999 |
_c61006 _d61006 |
||